[Event "Lisbon Portugal op"]
[Site "Lisbon"]
[Date "2019.02.02"]
[Round "1"]
[White "Funk, Guenther Matthias"]
[Black "Thompson, Ian D"]
[Result "0-1"]
[WhiteElo "1492"]
[BlackElo "2122"]
[PlyCount "56"]
[EventDate "2019.02.02"]
[EventType "swiss"]
[EventRounds "9"]
[EventCountry "POR"]
[SourceTitle "CBM 188 Extra"]
[Source "ChessBase"]
[SourceDate "2019.02.26"]
[SourceVersion "1"]
[SourceVersionDate "2019.02.26"]
[SourceQuality "1"]

1. c4 e6 2. d4 d5 3. Nc3 c6 4. a3 Nf6 5. c5 Nbd7 6. Bg5 e5 7. e3 Be7 8. Be2 0-0 9. Nf3 e4 10. Nd2 Ne8 11. Bxe7 Qxe7 12. Nf1 f5 13. Qd2 Nc7 14. f4 exf3 15. Bxf3 Nf6 16. 0-0-0 b6 17. b4 Be6 18. Re1 Rfb8 19. Be2 a5 20. Bd3 axb4 21. axb4 Ne4 22. Nxe4 dxe4 23. Bb1 bxc5 24. bxc5 Ra1 25. Kc2 Ba2 26. Ng3 Nd5 27. Nxf5 Qa7 28. Qf2 Qa4+ 0-1

[Event "Azores op 4th"]
[Site "Ponta Delgada"]
[Date "2017.12.08"]
[Round "2"]
[White "Oliveira, Rodrigo Sousa"]
[Black "Funk, Guenther Matthias"]
[Result "0-1"]
[WhiteElo "1106"]
[BlackElo "1502"]
[PlyCount "68"]
[EventDate "2017.12.07"]
[EventType "swiss"]
[EventRounds "7"]
[EventCountry "POR"]
[SourceTitle "CBM 182 Extra"]
[Source "ChessBase"]
[SourceDate "2018.02.23"]
[SourceVersion "1"]
[SourceVersionDate "2018.02.23"]
[SourceQuality "1"]

1. c4 e5 2. e3 Bb4 3. Nf3 e4 4. Nd4 c5 5. a3 Ba5 6. Nc2 Nc6 7. Nc3 f5 8. g3 Nf6 9. Bg2 Ne5 10. d4 Nd3+ 11. Kf1 cxd4 12. Nxd4 g6 13. b4 Bc7 14. f3 0-0 15. fxe4 fxe4 16. Bf3 Nxc1 17. Nxe4 Nxe4 18. Qxc1 Ng5 19. Kg2 Nxf3 20. Nxf3 Qf6 21. Rf1 Qc6 22. b5 Qe4 23. c5 Be5 24. Ra2 d6 25. c6 bxc6 26. bxc6 Ba6 27. Rff2 Bc4 28. Rac2 Bd5 29. c7 Rac8 30. Qd1 Bb3 31. a4 Rxc7 32. Rc4 Bxc4 33. Kg1 Bd5 34. Ne1 Qh1# 0-1